000 00533nam a22001697a 4500
005 20231106124925.0
008 231106b |||||||| |||| 00| 0 eng d
020 _a9780409126556 ; 9780409078360
041 _aEnglish
082 _a346.47 INF
100 _aPienaar, C
_lEnglish
245 _aInformation Technology Contracts /
_cC Pienaar et al.
260 _aDurban :
_bLexisNexis (Pty) Ltd,
_c2018
300 _bxiii, 250 pages ;
_c25 cm.
650 _aLegal practice
_bLaw
942 _cBK
_6ALISON_BN_VRIES
999 _c321
_d321